Miasta z największą liczbą ludności w Australii - Statystyki

Ogólne statystyki
  • Ten quiz został rozwiązany 91 razy
  • Średni wynik to 4 z 5
Statystyki odpowiedzi
Miejsce Miasto Ludność % Poprawnych
1 Sydney 4 627 345
100%
2 Melbourne 4 246 375
85%
4 Perth 1 896 548
83%
3 Brisbane 2 189 878
65%
5 Adelaide 1 225 235
60%
Nie znaleziono quizów pasujących do podanych kryteriów
Rozkład punktacji
Procent ludzi z każdym wynikiem
Percentyl według liczby udzielonych odpowiedzi
Twoja historia wyników
Nie rozwiązałeś tego quizu